| 000 | 00667nam a22002297a 4500 | ||
|---|---|---|---|
| 005 | 20170124110113.0 | ||
| 010 | _aA-372045 | ||
| 020 | _c00.00 | ||
| 035 | _aA-372045 | ||
| 037 | _bCen Lib/Ret | ||
| 040 |
_aDPL _bEN |
||
| 082 |
_a921 _bNAN |
||
| 100 |
_aNanda, B. R. _94766 |
||
| 245 |
_aMahatma Gandhi : _cby B. R. Nanda _ba biography / |
||
| 260 |
_aDelhi _bOxford University Press _c1958 |
||
| 270 |
_bDelhi _eYMCA Library Building, Jai Singh Road _a110001 |
||
| 300 |
_a272p. _c20cm(Hb) |
||
| 500 | _aIncludes index | ||
| 650 |
_aGandhi, -- Mahatma, -- 1869-1948 _929448 |
||
| 650 |
_aNationalists _99248 |
||
| 942 |
_2ddc _cEN _h921 _mNAN |
||
| 999 |
_c130534 _d130534 |
||